| 000 | 00617nam a22001457a 4500 | ||
|---|---|---|---|
| 005 | 20241126205311.0 | ||
| 008 | 241126b |||||||| |||| 00| 0 eng d | ||
| 020 | _a9780406700044 | ||
| 245 |
_aLaw Reports of the Commonwealth _bCriminal Law 1988 |
||
| 260 |
_aLondon, UK _bLexisNexis Butterworths _c1990 |
||
| 300 |
_axxxii,583 pages _c24 cm |
||
| 500 | _aGeneral Editors: Read James, S. LL.B. of Gray's Inn, Barrister. Slinn Peter E. MA., PhD., Solicitor, England and Wales. Managing Editor: Edwards Radhika, LL.B. of the Inner Temple, Barrister. | ||
| 650 |
_2Law Reports _xCommonwealth Nations |
||
| 942 |
_2lcc _cBK _n0 |
||
| 999 |
_c1582 _d1582 |
||